书目信息 |
| 题名: |
信息科学原理
|
|
| 作者: | 钟义信 著 | |
| 分册: | ||
| 出版信息: | 北京 北京邮电学院出版社 2002.10 |
|
| 页数: | 421页 | |
| 开本: | 26cm | |
| 丛书名: | ||
| 单 册: | ||
| 中图分类: | G201 | |
| 科图分类: | ||
| 主题词: | 信息论 , 传播学 | |
| 电子资源: | ||
| ISBN: | 7-5635-0235-1 | |
| 000 | 00577nam0 2200217 450 | |
| 001 | 0552763146 | |
| 005 | 20050617095250.62 | |
| 010 | @a7-5635-0235-1@dCNY 46.00 | |
| 100 | @a20050608d2002 km y0chiy0120 ea | |
| 101 | 0 | @achi |
| 102 | @aCN@b110000 | |
| 200 | 1 | @a信息科学原理@Axin xi ke xue yuan li@f钟义信著@Fzhong yi xin zhu |
| 205 | @a3版 | |
| 210 | @a北京@c北京邮电学院出版社@d2002.10 | |
| 215 | @a421页@d26cm | |
| 606 | 0 | @a信息论 |
| 606 | 0 | @a传播学 |
| 690 | @aG201@v4 | |
| 701 | 0 | @a钟义信@Azhong yi xin@4著 |
| 801 | 0 | @aCN@bPFT@c20050617 |
| 905 | @a10447@dG201@eZ734 | |
| 信息科学原理/钟义信著.-3版.-北京:北京邮电学院出版社,2002.10 |
| 421页;26cm |
| ISBN 7-5635-0235-1:CNY 46.00 |
| ● |
| 相关链接 |
|
|
|
正题名:信息科学原理
索取号:G201/Z734
 
预约/预借
| 序号 | 登录号 | 条形码 | 馆藏地/架位号 | 状态 | 备注 |
| 1 | 536386 | 205363863 | 社科库409/409社科库 56排6列3层/ [索取号:G201/Z734] | 在馆 | |
| 2 | 536387 | 205363872 | 社科库409/409社科库 56排6列3层/ [索取号:G201/Z734] | 在馆 |